000 00575nam a22002057a 4500
005 20090303162953.0
008 090303t xxu||||| |||| 00| 0 eng d
022 _a0019-5723
037 _bDPL / PUB
040 _aDPL
041 _aEN
110 _aMinistry of Mines
245 _aIndian labour journal
260 _aShimla
_bLabour Bureau
_c2009-
300 _av.
_c28 cm
310 _amonthly
270 _bShimla
_l0177-2655253
_mdglbsm@dataone.in
942 _2ddc
_cSR
_s1
999 _c24712
_d24712